| 000 | 00749nam a2200229Ia 4500 | ||
|---|---|---|---|
| 003 | GCL | ||
| 008 | 140319s9999 xx 000 0 ara d | ||
| 040 |
_aGCL / _cGCL |
||
| 082 | 0 | 4 |
_aط _b538 _bب م |
| 100 | 1 | _aاحمد شفيق الخطيب | |
| 245 | 1 | 0 |
_aالمغنطيسية والكهرباء ( مبادىء وتجارب ميسرة ) / _cاحمد شفيق الخطيب |
| 700 | 1 | _aبول جان ودورتى | |
| 260 |
_a[S.N] : _bمكتبة لبنان |
||
| 300 | _a51 ص | ||
| 490 |
_aسلسلة العلوم للناشئين _v0 |
||
| 650 | 0 | 4 | _aالاطفال |
| 650 | 0 | 4 | _aالكهرباء |
| 650 | 0 | 4 | _aالمغناطيسية |
| 650 | 0 | 4 | _aالمغناطيسية الكهربائية |
| 650 | 0 | 4 | _aتجارب |
| 942 |
_2ddc _cBK |
||
| 999 |
_c32779 _d32779 |
||